| 000 | 00993nam a2200301 4500 | ||
|---|---|---|---|
| 001 | 13561010 | ||
| 005 | 20150413114738.0 | ||
| 007 | 000 | ||
| 008 | 000 | ||
| 010 | _a 2004105798 | ||
| 015 | _aGBA4-X3443 | ||
| 020 | _a0534424260 | ||
| 035 | _a(OCoLC)ocm56456695 | ||
| 040 |
_aUOEL _cUKM _dKUK _dDLC |
||
| 042 | _alccopycat | ||
| 050 | 0 | 0 |
_aQA611.19 _b.G66 2005 |
| 082 | 0 | 0 |
_a514 _222 |
| 100 | 1 | _aGoodman, Sue E. | |
| 245 | 1 | 0 |
_aBeginning topology / _cSue E. Goodman. |
| 260 |
_aPacific Grove, CA : _bThomson Brooks/Cole, _cc2005. |
||
| 300 |
_axiii, 236 p. : _bill. ; _c24 cm. |
||
| 440 | 4 | _aThe Brooks/Cole series in advanced mathematics | |
| 504 | _aIncludes bibliographical references (p. 230-233) and index. | ||
| 650 | 0 |
_aTopology _vTextbooks. _xMathematics |
|
| 906 |
_a7 _bcbc _ccopycat _d2 _eepcn _f20 _gy-gencatlg |
||
| 942 |
_2lcc _cLL |
||
| 999 |
_c4705 _d4705 |
||